| 000 | 00458nam a2200181Ia 4500 | ||
|---|---|---|---|
| 001 | 11856 | ||
| 005 | 20260306162858.0 | ||
| 008 | 260306t2019||||xx |||||||||||||| ||spa|| | ||
| 041 | _aESP | ||
| 082 |
_aHR 200 _bENE-MAR 2019 SALESIANUM |
||
| 110 | _aPontificiae Studiorum Universitatis Salesianae - Romae | ||
| 245 | 0 | _aSalesianum | |
| 260 | _c2019 | ||
| 300 |
_a200 páginas : _c24 cm. |
||
| 650 | _aGEN | ||
| 654 | _aCHU | ||
| 942 |
_cREV _dJUS _fJUS _2ddc _n |
||
| 999 |
_c11856 _d11856 |
||